000 00872nam a2200265 i 4500
001 173558
003 ES-MaACL
005 20230906215255.0
008 091207s1977 sp |||| |bspa d
020 _a84-249-3481-4
080 _a821.14'06-31
080 _a929 Alejandro Magno (38)(0:82)
100 0 _aPseudo Calístenes.
_9162844
245 1 0 _aVida y hazañas de Alejandro de Macedonia /
_cPseudo Calístenes ; traducción, prólogo y notas de Carlos García Gual.
260 _aMadrid :
_bGredos,
_c[1977]
300 _a256 p. ;
_c20 cm.
490 1 _aBiblioteca clásica Gredos ;
_v1
500 _aÍndice.
504 _aBibliografía: p. 33-35.
600 0 7 _aAlejandro Magno-
_vNovelas.
_9162845
700 1 _aGarcía Gual, Carlos.
_954728
830 0 _aBiblioteca clásica Gredos ;
_v1
_9177556
852 _aES-MaACL
_jC-57033
999 _c173558
_d173558